Arquitectura contemporánea en Colombia : antecedente y presente /

Bibliographic Details
Main Author: Álvarez, Ana María, 1976- (Author)
Other Authors: Castellanos Garzón, Giovanni (Editor), Gómez Granda, Pablo Andrés, 1978- (Editor)
Format: Electronic eBook
Language:Spanish
Published: Bogotá : Ediciones Unisalle : Editorial UTADEO, [2023]
Subjects:
Online Access:Digitalia Hispánica

MARC

LEADER 00000nam a2200000Ii 4500
001 DIGEJTLOZ223
003 NyNyDIG
006 m o d
007 cr |||||||||||
008 250204s2023 ck ae ob 000 0 spa d
035 |a (OCoLC)1381708719 
040 |a DGITA  |b eng  |e rda  |e pn  |c DGITA 
020 |a 9789587253412  |q (ePub) 
020 |a 9789587253405  |q (pdf) 
020 |z 9786287510906  |q (impreso) 
024 7 |a https://doi.org/10.21789/9786287510906  |2 doi 
043 |a s-ck--- 
050 1 4 |a NA875.6 ebook 
082 0 4 |a 720.9861  |2 23 
245 0 0 |a Arquitectura contemporánea en Colombia :  |b antecedente y presente /  |c editores, Pablo Andrés Gómez Granda, Giovanni Castellanos Garzón ; Ana María Álvarez [and 11 others]. 
264 1 |a Bogotá :  |b Ediciones Unisalle :  |b Editorial UTADEO,  |c [2023] 
300 |a 1 online resource :  |b illustrations (chiefly color), plans. 
336 |a text  |b txt  |2 rdacontent 
337 |a computer  |b c  |2 rdamedia 
338 |a online resource  |b cr  |2 rdacarrier 
347 |a text file  |2 rdaft 
347 |b PDF 
500 |a "El presente libro es resultado del proyecto de investigación fase I. Arquitectura contemporánea en Colombia 1980 2023. Aproximación epistemológica. Antecedentes y presente." --Verso title page. 
504 |a Includes bibliographical references. 
588 0 |a Online resource; title from PDF title page (Digitalia, viewed February 4, 2025) 
650 0 |a Architecture  |z Colombia  |x History  |y 21st century. 
650 0 |a Architecture, Modern  |y 21st century. 
700 1 |a Castellanos Garzón, Giovanni,  |e editor. 
700 1 |a Gómez Granda, Pablo Andrés,  |d 1978-  |e editor. 
700 1 |a Álvarez, Ana María,  |d 1976-  |e author. 
791 2 |a Digitalia (Firm),  |e distributor. 
793 0 |g Digitalia eBook Collection:  |a Editorial Jorge Tadeo Lozano 
776 0 8 |i Print version:  |t Arquitectura contemporánea en Colombia.  |d Bogotá : Ediciones Unisalle : Editorial UTADEO, [2023]  |z 9786287510906 
856 4 0 |3 Digitalia Hispánica  |u https://www.digitaliapublishing.com/a/170608/ 
910 |a Premium collection: 2025